书目信息 |
| 题名: |
拓补动力学系统概论
|
|
| 作者: | 叶向东 , 黄文 , 邵松 著 | |
| 分册: | ||
| 出版信息: | 北京 科学出版社 2008.03 |
|
| 页数: | 319页 | |
| 开本: | 24cm | |
| 丛书名: | 现代数学基础丛书 | |
| 单 册: | ||
| 中图分类: | O189 | |
| 科图分类: | ||
| 主题词: | 拓扑--tuo pu--动力系统 | |
| 电子资源: | ||
| ISBN: | 978-7-03-020569-8 | |
| 000 | 01054nam 2200289 450 | |
| 001 | 012008545748 | |
| 005 | 20080419090337.83 | |
| 010 | @a978-7-03-020569-8@dCNY56.00 | |
| 100 | @a20080419d2008 em y0chiy0120 ea | |
| 101 | 0 | @achi |
| 102 | @aCN@b110000 | |
| 105 | @ay a 001yy | |
| 106 | @ar | |
| 200 | 1 | @a拓补动力学系统概论@Atuo bu dong li xue xi tong gai lun@f叶向东, 黄文, 邵松著@Fye xiang dong,huang wen,shao song zhu |
| 210 | @a北京@c科学出版社@d2008.03 | |
| 215 | @a319页@d24cm | |
| 225 | 2 | @a现代数学基础丛书@Axian dai shu xue ji chu cong shu@v118 |
| 320 | @a有书目 (第295-309页) 和索引 | |
| 330 | @a本书主要介绍了拓扑动力系统基础、遍历论基础、等度连续性与Ellis半群理论、族与弱不交、熵、熵与局部化、序列熵与局部化、传递系统的分类、不交性以及混沌等内容。 | |
| 410 | 0 | @12001 @a现代数学基础丛书 |
| 606 | 0 | @a拓扑@Atuo pu@x动力系统 |
| 690 | @aO189@v4 | |
| 701 | 0 | @a叶向东@Aye xiang dong@4著 |
| 701 | 0 | @a黄文@Ahuang wen@4著 |
| 701 | 0 | @a邵松@Ashao song@4著 |
| 801 | 0 | @aCN@bQSSK@c20080419 |
| 905 | @b293762-63@dO189@eY456@f2 | |
| 拓补动力学系统概论/叶向东, 黄文, 邵松著.-北京:科学出版社,2008.03 |
| 319页;24cm.-(现代数学基础丛书;118) |
| ISBN 978-7-03-020569-8:CNY56.00 |
| 本书主要介绍了拓扑动力系统基础、遍历论基础、等度连续性与Ellis半群理论、族与弱不交、熵、熵与局部化、序列熵与局部化、传递系统的分类、不交性以及混沌等内容。 |
| ● |
| 相关链接 |
|
|
|
正题名:拓补动力学系统概论
索取号:O189/Y456
 
预约/预借
| 序号 | 登录号 | 条形码 | 馆藏地/架位号 | 状态 | 备注 |
| 1 | 293762 | 202937625 | 自科库401/401自科库 76排2列5层/ [索取号:O189/Y456] | 在馆 | |
| 2 | 293763 | 202937634 | 自科库401/401自科库 76排2列5层/ [索取号:O189/Y456] | 在馆 |